000 00372nam a2200157Ia 4500
008 230711s9999||||xx |||||||||||||| ||und||
041 _aENG
082 _a624
_bCO-E
100 _aCoburn,A
245 0 _aEarthquake protection
250 _a1st Ed.
260 _c2002
_aNew Delhi
_bJohn Wiley & Sons.Inc
650 _aCivil Engineering
700 _aSpence R
942 _cBK
999 _c4381
_d4381